Traité de la ponctuation française / (Record no. 172532)

MARC details
000 -LEADER
campo de control de longitud fija 00776nam a2200241 i 4500
001 - NÚMERO DE CONTROL
campo de control 172532
003 - IDENTIFICADOR DE NÚMERO DE CONTROL
campo de control ES-MaACL
005 - FECHA Y HORA DE LA ÚLTIMA TRANSACCIÓN
campo de control 20230906214939.0
008 - DATOS DE LONGITUD FIJA--INFORMACIÓN GENERAL
campo de control de longitud fija 090715s1991 fr |||| | fre d
020 ## - NÚMERO INTERNACIONAL ESTÁNDAR DEL LIBRO
Número Internacional Estándar del Libro 2-07-072198-1
080 ## - NÚMERO DE LA CLASIFICACIÓN DECIMAL UNIVERSAL
Número de la Clasificación Decimal Universal 003.85:811.133.1
080 ## - NÚMERO DE LA CLASIFICACIÓN DECIMAL UNIVERSAL
Número de la Clasificación Decimal Universal 811.133.1'35(07)
100 1# - ENTRADA PRINCIPAL--NOMBRE DE PERSONA
Nombre de persona Drillon, Jacques (
Fechas asociadas al nombre 1954-)
9 (RLIN) 141089
245 10 - MENCIÓN DEL TÍTULO
Título Traité de la ponctuation française /
Mención de responsabilidad, etc. Jacques Drillon.
260 ## - PUBLICACIÓN, DISTRIBUCIÓN, ETC.
Lugar de publicación, distribución, etc. [Paris] :
Nombre del editor, distribuidor, etc. Gallimard,
Fecha de publicación, distribución, etc. [1991]
300 ## - DESCRIPCIÓN FÍSICA
Extensión 472 p. ;
Dimensiones 19 cm.
490 1# - MENCIÓN DE SERIE
Mención de serie Tel ;
Designación de volumen o secuencia 177
504 ## - NOTA DE BIBLIOGRAFÍA, ETC.
Nota de bibliografía, etc. Incluye referencias bibliográficas e índice.
650 04 - PUNTO DE ACCESO ADICIONAL DE MATERIA--TÉRMINO DE MATERIA
Término de materia o nombre geográfico como elemento de entrada Lengua francesa-
Subdivisión general Puntuación.
9 (RLIN) 14230
830 0# - PUNTO DE ACCESO ADICIONAL DE SERIE-TÍTULO UNIFORME
Título uniforme Tel ;
Designación de volumen o secuencia 177
9 (RLIN) 184073
852 ## - LOCALIZACIÓN
Ubicación ES-MaACL
Número de control de estantería E-12851
itemnumber R.139433
Nota libre .- Biblioteca Jacinto Martínez Lacalle
Holdings
Estatus retirado Estado de pérdida Estado de daño No para préstamo Biblioteca de origen Biblioteca actual Ubicación en estantería Fecha de adquisición Fuente de adquisición Total de préstamos Signatura topográfica completa Código de barras Visto por última vez Precio de reemplazo Tipo de ítem Koha
        Biblioteca del Ateneo de Madrid Biblioteca del Ateneo de Madrid Depósito 2 15/07/2009     E-12851 1181058 23/02/2023 23/02/2023 Libro impreso